000
00300nam a22001337a 4500
008
170911b xxu||||| |||| 00| 0 eng d
020
_a
9780131420663
041
_a
eng
080
_2
10TH
_a
52
100
_a
42
101
_a
AST
245
_a
EARTH'S DYNAMICS SYSTEMS
_c
HAMBLIN,W.K
942
_2
udc
_c
BK
999
_c
27107
_d
27107